Normale Ansicht MARC-Ansicht ISBD

Social rights in Russia : (Titelsatznr. 7231)

[ MARC ]
MARC-Details
000 -Satzkennung
Kontrollfeld mit fester Länge 00648nam a22002171c 4500
001 - Kontrollnummer
Kontrollfeld a987689223
008 - Feld mit fester Länge zur physischen Beschreibung - Allgemeine Angaben
Kontrollfeld mit fester Länge 171019s2018 gw |||| 000u eng d
020 ## - Internationale Standardbuchnummer
Internationale Standardbuchnummer 9781138841987
Verknüpfung 978-1-138-84198-7
040 ## - Katalogisierungsquelle
Übertragungsstelle RU-10907106
003 - Kontrollnummer Identifier
Kontrollfeld RU-10907106
100 1# - Haupteintragung - Personenname
Personenname Bindman, Eleanor
245 00 - Titel
Titel Social rights in Russia :
Zusatz zum Titel from imperfect past to uncertain future /
Verfasserangabe etc. Eleanor Bindman
264 ## - Produktion, Veröffentlichung, Distribution, Herstellung und Urheberrechtsvermerk
Herstellungs-, Veröffentlichungs- Vertriebs-, Erzeugungsort London :
Produzent, Herausgeber, Distributor, Hersteller Routledge,
Datum der Herstellung, der Veröffentlichung, des Vertriebs oder des Urheberschutzvermerks 2018
300 ## - Physische Beschreibung
Umfang 168 Seiten
490 #0 - Gesamttitelangabe
Gesamttitelangabe BASEES/Routledge Series on Russian and East European Studies
650 #0 - Nebeneintragung unter einem Schlagwort - Sachschlagwort
Sachschlagwort oder geografischer Name als Eintragungselement Wohlfahrtsstaat
650 #0 - Nebeneintragung unter einem Schlagwort - Sachschlagwort
Sachschlagwort oder geografischer Name als Eintragungselement Sozialpolitik
650 #0 - Nebeneintragung unter einem Schlagwort - Sachschlagwort
Sachschlagwort oder geografischer Name als Eintragungselement Menschenrecht
651 #0 - Nebeneintragung unter einem Schlagwort - Geografischer Name
Geografischer Name Russland
942 ## - Zusätzliche Felder (Koha)
Koha-Medientyp Monographien
Exemplare
Ausgeschieden Verloren Klassifikation oder Aufstellungssystematik Beschädigt Nicht entleihbar Heimatbibliothek Aufenthaltsbibliothek Aufstellungsort Erwerbungsdatum Inventarnummer Signatur Barcode Letzte Aktivität Preis gültig von Koha-Medientyp
    Andere/Generische Klassifikation     MWN Osteuropa MWN Osteuropa Magazin - 2 19/10/2017 18-00614 R 72 f Bin E004015073CA53FA 23/04/2020 22/03/2021 Monographien